000 00524nam a22001817a 4500
003 OSt
005 20231010075853.0
008 231010b |||||||| |||| 00| 0 eng d
020 _a9781533521996
040 _cDDC
082 _a368STE 2016.
100 _aStevens, James;
_916719
245 _aInsurance:
_bBest practical Guide for Risk management,Property,Liability,Life and Health.
260 _aNew York.
_bShepal Publishing.
_c2016.
300 _a30p;
_bill;
_c23cm.
650 _ainsurance.
_916720
942 _2ddc
_cO_SHELF
999 _c8191
_d8191